Every Berry on ARK: Survival Evolved - Statistics

General Stats
  • This quiz has been taken 537 times
  • The average score is 5 of 6
Answer Stats
Berry % Correct
{Narco}berry
98%
{Mejo}berry
91%
{Stim}berry
90%
{Tinto}berry
90%
{Azul}berry
86%
{Amar}berry
84%
No matching quizzes found
Score Distribution
Percent of People with Each Score
Percentile by Number Answered
Your Score History
You have not taken this quiz